Educational research in Europe

Saved in:
Bibliographic Details
Other Authors: Calderhead, James (Editor)
Format: Book
Language:English
Published: Clevedon, Avon, England ; Philadelphia : Multilingual Matters, c1994
Series:BERA dialogues ; ; 9
Subjects:
Tags: Add Tag
No Tags, Be the first to tag this record!

MARC

LEADER 00000nam a2200000 i 4500
001 1/86173
008 980326s1994 eng d
020 |a 1-85359-256-0 
035 |l 10034900 
035 |a 1995  |b 2  |c Σκούρτου 
040 |a GR-MY-UA  |b gre  |e aacr 
041 0 |a eng 
082 0 |a 370.78094  |2 (20) 
245 1 0 |a Educational research in Europe /  |c edited by James Calderhead 
260 |a Clevedon, Avon, England ; Philadelphia :   |b Multilingual Matters,   |c c1994 
300 |a iv, 67 p.;  |c 22 cm 
490 1 |a BERA dialogues  |v ; 9 
504 |a Περιέχει βιβλιογραφικές παραπομπές 
650 0 0 |a Education  |x Research  |z Europe. 
650 0 0 |a Education  |x Research  |z Europe  |x Cross-cultural studies. 
700 1 |a Calderhead, James.  |4 edt 
830 0 |a BERA dialogues ;  |v ; 9 
852 |a INST  |b RHODES  |e 19980326  |h 370.78094 EDU  |p 005400005402  |q 005400005402  |t BK  |y 0 
852 |a INST  |b RHODES  |e 19990623  |h 370.78094 EDU  |p 005400014738  |q 005400014738  |t BK  |y 0 
909 |a Ρ  |b 042371  |c 1995 
909 |a Ρ  |b 066124  |c 1999 
922 |a 4ΕΛΗ  |b 199906  |c ΚΠΣ/154  |d LEADER